| 000 | 00983nac a22002771u 4500 | ||
|---|---|---|---|
| 010 | _a 2001270789 | ||
| 020 | _a0340731133 | ||
| 020 | _a0340731141 (PBK.) | ||
| 035 | _a(OCoLC)ocm44563053 | ||
| 082 |
_a304.28 _bHEA |
||
| 090 |
_c7331 _d7331 |
||
| 100 | _aHead, Lesley. | ||
| 245 | 1 | 0 |
_aCultural landscapes and environmental change / _cLesley Head. |
| 260 |
_aLondon : _bArnold,c.2000. _cc.2000. |
||
| 300 |
_axxv, 179 p. : _bill., maps ; _c25 cm. |
||
| 440 | 0 | _aKey issues in environmental change | |
| 500 | _aDistributer: Al-Ahram. | ||
| 504 | _aIncludes bibliographic references and index. | ||
| 511 | _aCatalogued By: Mahitab. | ||
| 650 | 0 |
_aNature _xEffect of human beings on. |
|
| 650 | 0 | _aHuman ecology. | |
| 650 | 0 | _aLandscape changes. | |
| 650 | 0 |
_aLandscape changes _xSocial aspects. |
|
| 856 | 4 | 2 |
_3Publisher description _uhttp://www.loc.gov/catdir/enhancements/fy0611/2001270789-d.html |
| 942 |
_cBB _k304.28 HEA |
||
| 999 |
_c7331 _d7331 |
||